| 000 | 01248aas a2200241 4500 | ||
|---|---|---|---|
| 999 |
_c53880 _d53880 |
||
| 001 | 768714001 | ||
| 003 | CO-MdFUSB | ||
| 005 | 20171201100807.0 | ||
| 008 | 170808s1998 xxu||||| |||| 00| 0 eng d | ||
| 022 | _a0098-9444 | ||
| 040 |
_aCO-MdFUSB _bspa _cCO-MdFUSB _dCO-MdFUSB |
||
| 041 | _aeng | ||
| 100 | 1 |
_aWilson, John F. _eautor |
|
| 242 | 1 | 0 |
_aExcavación en Banias revela el palacio del rey : _b¿pero qué rey? |
| 245 | 1 | 0 |
_aBanias dig reveals king's palace : _bBut which king? _c/ John F. Wilson |
| 300 |
_aVolumen 24. Número 1 (1998), páginas 54-61 _c: 28 cm. |
||
| 520 | 1 | _aCuando un intrépido excavador se deslizó a través de un agujero dentro de una bóveda de barro. oculta por cientos de años, él supo que había encontrado algo notable, pero ¿Qué? entonces excavadores comenzaron a explorar alrededor del área, ellos se dieron cuenta que habían tropezado con un enorme lugar, construido por el rey que escuchó la apasionada defensa del cristianismo del apóstol Pablo. | |
| 546 | _aTexto en inglés | ||
| 650 | 7 |
_9403 _aExcavaciones arqueológicas |
|
| 700 | 1 |
_aTzaferis, Vassilios _eautor |
|
| 773 | 0 |
_tBiblical Archaeology Review _049395 _959486 _gVolumen 24. Número 1 (1998), páginas 54-61 _qPágina 54 |
|
| 942 | _cANA | ||